International workshop on intensive cultivation of Protea

Tallennettuna:
Bibliografiset tiedot
Päätekijät: Brits, G. J (Tekijä), Meynhardt, J. T (Tekijä)
Aineistotyyppi: Kirja
Kieli:englanti
Julkaistu: Wageningen ISHS 1992
Sarja:Acta Horticulturae, 316
Aiheet:
Tagit: Lisää tagi
Ei tageja, Lisää ensimmäinen tagi!

MARC

LEADER 00000nam a2200000 a 4500
001 UCX8518
003 CL-VaPUC
005 20211204074437.0
008 940412e19920000ne 1 eng d
082 0 4 |a 635.9  |b BRI  |2 21 
100 1 |a Brits, G. J  |e author  |9 616935 
700 1 |a Meynhardt, J. T  |e author  |9 616936 
245 1 0 |a International workshop on intensive cultivation of Protea 
260 |a Wageningen  |b ISHS  |c 1992 
300 |a 120 p 
490 0 |a Acta Horticulturae, 316 
583 |a last modification  |c 20190821 08:56:34  |k Rodrigo Vera 
650 0 0 |a Floricultura  |9 264401 
942 |c BK 
945 |a mfernand  |d 19940412 00:00:00 
546 |a En Inglés 
536 |a ISHS 
518 |p International Workshop on Intensive Cultivation of Protea, 1, Neve-Ilan, 1990 
999 |c 382201  |d 382199